| 000 | 01946cam a2200385 4500 | ||
|---|---|---|---|
| 008 | 090401t1996 xxu||||| |||| 00| 0 eng d | ||
| 020 | _a0727720635 | ||
| 035 | _a(Sirsi) u28647 | ||
| 041 | _aeng | ||
| 050 | _a658.99 | ||
| 110 |
_aGreat Britain _bHealth and Safety Executive |
||
| 245 | _aRisk management in civil, mechanical and structural engineering : proceedings of the conference organized by the Health and Safety Executive in co-operation with the Institution of Civil Engineers, and held in London on 22 February 1995. | ||
| 260 |
_aLondon _bThomas Telford _c1996 |
||
| 300 | _a177p. : ill. ; 24cm. | ||
| 350 | _a30 | ||
| 520 | _aPapers:- Design developments./ MERRIMAN, P.A. - Risk analysis for the Channel Tunnel./ PARKES, D. & MILLOY, C. - Risk-based decision-making in bridge maintenance./ KNOWLES, N.C. - Process re-engineering for safety./ BLOCKLEY, D. - A methodology for risk management in civil, mechanical and structural engneering./ BAKER, M.J., GRAVES, R.J. & KEARNEY, M. - Ambition control./ GODFREY, P. - Methods that apply to QRA in the contruction industry./ MATHER, J. - Factors affecting safety, cost and quality of scaffolding./ JAMES, M. - Applying innovation to minimise financial and safety risks./ RIDGWAY, K., TODD, A. & WILDAY, A.J. - Life cycle cost management : a client`s view./ OWEN, K. | ||
| 650 | _aAMBITION CONTROL | ||
| 650 | _aBRIDGE MAINTENANCE | ||
| 650 | _aBRIDGES | ||
| 650 | _aCHANNEL TUNNEL | ||
| 650 | _aCIVIL ENGINEERING | ||
| 650 | _aLIFE CYCLE COST MANAGEMENT | ||
| 650 | _aMECHANICAL ENGINEERING | ||
| 650 | _aNUCLEAR INDUSTRY | ||
| 650 | _aPROCESS RE-ENGINEERING | ||
| 650 | _aQUANTIFIED RISK ASSESSMENT | ||
| 650 | _aRISK ANALYSIS | ||
| 650 | _aRISK MANAGEMENT | ||
| 650 | _aSTRUCTURAL ENGINEERING | ||
| 690 | _aBUILT ENVIRONMENT | ||
| 700 |
_aJames, M. _xEditor |
||
| 710 |
_aInstitution of Civil Engineers _91402 |
||
| 942 | _n0 | ||
| 948 | _c04/03/1997 | ||
| 999 |
_c89313 _d89313 |
||